[Event "EYCC 2017"]
[Site "Mamaia"]
[Date "2017.09.14"]
[Round "9"]
[White "Esipenko, Andrey"]
[Black "Matviishen, Viktor"]
[Result "1-0"]
[WhiteElo "2540"]
[BlackElo "2431"]
[Annotator "TA"]
[PlyCount "95"]
[EventDate "2017.??.??"]
[EventType "swiss"]
[EventCountry "ROU"]
[SourceTitle "playchess.com"]
[Source "ChessBase"]
[SourceQuality "1"]

{[%evp 18,95,47,52,47,0,42,17,40,43,72,27,50,40,21,34,147,127,138,145,132,74,126,126,137,132,130,101,112,118,113,93,116,108,119,112,131,132,139,132,224,94,166,158,159,162,164,163,163,158,154,152,163,162,162,161,167,195,177,167,422,428,421,421,663,652,612,557,975,1010,1002,957,12834,12836,8346,8837,1436,979,1441,1426]} 1. d4 Nf6 2. c4 e6 3. Nf3 b6 4. g3 Bb7 5. Bg2 g6 6. Nc3 {E16: Queen's Indian: 4 g3 Bb7 5 Bg2 Bb4+} Bg7 7. d5 exd5 8. cxd5 O-O 9. O-O Re8 10. Nd4 {LiveBook: 12 Games} Na6 11. Qc2 $146 ({Predecessor:} 11. Re1 Nc5 12. e4 Nxd5 13. Nxd5 Bxd5 {½-½ (58) Aronian,L (2797)-Mamedyarov,S (2765) Beijing 2014}) 11... Nb4 (11... Nxd5 $5 12. Nxd5 Bxd4 $11) 12. Qb3 a5 13. Rd1 Ng4 14. Ncb5 c5 15. dxc6 $1 dxc6 16. Bf4 {aiming for Nd6.} Qe7 ({Black should try} 16... cxb5 $14 17. Bxb7 Bxd4) 17. Nc7 g5 18. Nxe8 (18. Nxa8 gxf4 19. Nxb6 Qd8 $14) 18... Rxe8 19. a3 (19. h3 $142) 19... Nd5 (19... gxf4 $142 20. axb4 c5) 20. Bxd5 $16 cxd5 21. Qf3 h5 22. Be3 Nxe3 23. Qxe3 Qxe3 24. fxe3 Rxe3 25. Kf2 Re4 26. e3 Bc8 27. Rac1 Bg4 28. Rd3 f5 {[#]} (28... Bf8 $16 {might work better.} 29. Rc6 Bc5) 29. Ne2 (29. h3 $1 $18 {[%mdl 512] and White stays clearly on top.} Bxh3 30. Nf3) 29... d4 (29... f4 $16 {is a better defense.}) 30. Rc8+ $18 Kh7 {...f4 is the strong threat.} 31. Rc7 {[%cal Rd3d4]} f4 32. Nxd4 {Hoping for Nf3.} ({Much less strong is} 32. gxf4 gxf4 33. Nxd4 Kg8 $16) 32... fxe3+ {[#]} 33. Ke1 $1 Kg6 34. Rc6+ Kh7 35. Ne2 b5 36. Rc5 b4 37. Rxa5 Bxb2 38. axb4 ({Of course not} 38. Rxg5 bxa3 39. Ra5 Re7 $14) 38... Re8 $2 (38... Rxb4 {was called for.} 39. Rxg5 (39. Rxe3 Bf6 $16) 39... Bf6) 39. Rxg5 {White is clearly winning.} Bf6 40. Rc5 Re6 {[#]} (40... h4 $142 41. Rd6 Be5) 41. h3 $1 Bf3 (41... Bxh3 42. Rxh5+) 42. Nf4 Re4 43. Rd7+ Kh6 44. Rd6 Rxb4 45. Rxf6+ Kg7 46. Rg6+ Kh7 47. Rc7+ Kh8 48. Rc1 {Precision: White = 65%, Black = 37%.} 1-0

[Event "EYCC 2017"]
[Site "Mamaia"]
[Date "2017.09.14"]
[Round "9"]
[White "Santos Ruiz, Miguel"]
[Black "Sousa, Andre Ventura"]
[Result "1-0"]
[WhiteElo "2505"]
[BlackElo "2386"]
[Annotator "TA"]
[PlyCount "59"]
[EventDate "2017.??.??"]
[EventType "swiss"]
[EventCountry "ROU"]
[SourceTitle "playchess.com"]
[Source "ChessBase"]
[SourceQuality "1"]

{[%evp 15,58,8,17,9,20,11,35,0,-5,-45,0,0,0,0,119,104,233,127,536,524,619,583,599,607,568,553,626,670,625,647,639,635,528,524,29972,29975,29974,29976,29976,29977,29974,29975,29975,29976,29999]} 1. d4 d5 2. Nf3 Nf6 3. c4 e6 4. g3 Bb4+ 5. Bd2 Bd6 (5... Be7 6. Bg2 O-O 7. O-O Nbd7 8. Bf4 c6 9. Nc3 b6 10. cxd5 exd5 11. Rc1 Bb7 12. Qc2 Re8 13. Rfd1 Nf8 14. e4 dxe4 15. Ne5 Nd5 16. Nxe4 Ne6 17. Be3 Rc8 18. Qb3 Bf8 19. Nc3 Nxe3 20. fxe3 Rc7 21. Kh1 {1-0 (54) Dominguez Perez,L (2739)-Caruana,F (2807) Saint Louis 2017}) 6. Bg2 {E01: Catalan: Early deviations} O-O 7. O-O c6 8. Nc3 dxc4 {LiveBook: 5 Games} 9. Ne5 Bxe5 10. dxe5 Nd5 $1 11. Ne4 $146 {[%mdl 1024] White has compensation.} ({Predecessor:} 11. Qc2 Nd7 12. f4 b5 {1-0 (33) Papaioannou,I (2636)-Georgiadis,N (2493) Rio Achaia 2017}) 11... Nd7 12. Bf4 h6 13. e3 g5 14. Qh5 $1 gxf4 (14... Qe7 $11) 15. gxf4 $16 Kg7 {[#]} (15... Ne7 $16 {was necessary.}) 16. Kh1 $1 $18 Rh8 $2 {[%mdl 8192]} (16... Ne7 $16) 17. Nd6 {[%csl Gd6][%cal Rh5f7]} Qe7 18. Bxd5 $1 cxd5 19. Rg1+ Kf8 20. Rg3 {Strongly threatening Rag1.} Nf6 21. exf6 Qxf6 22. e4 dxe4 23. Qc5 b6 24. Qc6 {[%csl Gd6][%cal Rc6e8]} Ke7 {Hoping for ...Bd7.} 25. Rd1 {White mates.} Bd7 {[#]} 26. Nf5+ $1 {[%mdl 512]} Qxf5 (26... exf5 27. Rxd7+) 27. Rxd7+ Kf6 {[#]} 28. Rxf7+ $1 {[%mdl 512]} Kxf7 29. Qb7+ Kf6 30. Qg7# {Precision: White = 89%, Black = 29%.} 1-0

[Event "EYCC 2017"]
[Site "Mamaia"]
[Date "2017.09.14"]
[Round "9"]
[White "Hakobyan, Aram"]
[Black "Bronstein, Or"]
[Result "1/2-1/2"]
[WhiteElo "2472"]
[BlackElo "2308"]
[Annotator "TA"]
[PlyCount "76"]
[EventDate "2017.??.??"]
[EventType "swiss"]
[EventCountry "ROU"]
[SourceTitle "playchess.com"]
[Source "ChessBase"]
[SourceQuality "1"]

{[%evp 21,76,8,18,6,20,16,18,0,0,0,0,0,-12,0,0,0,0,0,0,-235,-139,-411,-404,-521,-454,-960,-378,-358,-237,-220,-235,-233,-233,-189,-19,-180,-20,-14,-18,-28,391,0,0,0,0,-39,-35,-60,-59,-66,-47,-47,0,-66,0,-37,0]} 1. d4 e6 2. e4 d5 3. Nd2 c5 4. Ngf3 cxd4 5. exd5 Qxd5 6. Bc4 Qd6 7. O-O Nf6 8. Nb3 Nc6 9. Nbxd4 Nxd4 10. Nxd4 Bd7 11. Be3 Qc7 12. Qe2 {C07: French Tarrasch: 3...c5, 4 Ngf3 and 4 exd5 Qxd5} a6 13. Rad1 Bd6 {[#]} 14. Nf5 $146 {The position is equal.} ({Predecessor:} 14. h3 O-O 15. Bg5 Kh8 16. Bb3 Bf4 17. Bh4 Rae8 18. c3 e5 {1-0 (39) Akopian,V (2550)-Djurhuus,R (2400) Santiago de Chile 1990}) 14... Bxh2+ 15. Kh1 O-O 16. Nxg7 $1 Kxg7 17. f4 {Threatens to win with Bd4.} e5 18. fxe5 $1 Bxe5 {[#]} 19. Bb6 $1 {[%cal Rb6c7][%mdl 512]} Qb8 (19... Qxb6 20. Qxe5) 20. Qd2 $2 (20. Bc5 $11 {and White has nothing to worry.} Rc8 21. Rxd7 Rxc5 22. Rxf7+ Kh8 23. Bd3) 20... Kh8 {[#]} (20... Bxb2 $2 21. c3 $18) (20... Bc6 $1 $19 21. Qg5+ Kh8 22. Rxf6 Bxg2+ $1 {[%mdl 512]} 23. Qxg2 (23. Kxg2 $2 Rg8 $19) 23... Bxf6) 21. Bd3 $2 {[%mdl 8192]} (21. Rxf6 $1 $17 {[%mdl 512] was necessary.} Bxf6 22. Qf2) 21... Ng4 $19 22. Rf3 {intending Bxh7.} f5 23. Re1 (23. Be2 $142 Bc6 24. Rh3) 23... Bg7 $2 (23... Rf6 24. Rh3 Rxb6) 24. Rh3 Qd6 ({Avoid the trap} 24... Bxb2 $2 25. Re7 $18) 25. Rxh7+ Kxh7 {[%csl Gg4][%cal Rd6h2]} 26. Bxf5+ Bxf5 {[%csl Gg4][%cal Rd6h2]} (26... Rxf5 27. Qxd6 Re8 28. Rxe8 $17) 27. Qxd6 {[#]} Rf6 $2 ({Weaker is} 27... Bxc2 28. Qc7 $15) (27... Rae8 $1 $19 {[%cal Re8e1]} 28. Qb4 Rxe1+ 29. Qxe1 Kg6) 28. Qc7 $2 {[#]} (28. Qd5 $11 {and White is okay.}) 28... Rc8 $2 (28... Rh6+ $1 $19 29. Kg1 Kg6 30. Qxb7 Rah8) 29. Qxb7 $11 Rxc2 30. Bd4 Rh6+ 31. Kg1 {[%csl Gd4][%cal Rb7g7]} Rg6 32. Bxg7 Rxg7 33. Qf3 (33. Qd5 $5 {[%cal Rd5f5]} Nh6 34. b4 $15) 33... Nh6 34. Qa8 Rxb2 35. Re8 {Strongly threatening Rh8+.} Nf7 36. Qf3 Nh6 37. Qa8 $1 {Black must now prevent Rh8+.} Nf7 38. Qf3 $1 {[%cal Rf3f5]} Nh6 {Precision: White = 48%, Black = 23%.} 1/2-1/2

[Event "EYCC 2017"]
[Site "Mamaia"]
[Date "2017.09.14"]
[Round "9"]
[White "Thybo, Jesper Sondergaard"]
[Black "Costachi, Mihnea"]
[Result "1-0"]
[WhiteElo "2466"]
[BlackElo "2418"]
[Annotator "TA"]
[PlyCount "89"]
[EventDate "2017.??.??"]
[EventType "swiss"]
[EventCountry "ROU"]
[SourceTitle "playchess.com"]
[Source "ChessBase"]
[SourceQuality "1"]

1. e4 {Program Activation Required} e5 2. Nf3 Nc6 3. Bb5 a6 4. Ba4 Nf6 5. O-O b5 6. Bb3 Bc5 7. a4 Rb8 {C78: Spanische Partie (Archangelsk- und Möller-Variante)} 8. d3 d6 9. Nbd2 O-O 10. Re1 $146 ({Vorgänger:} 10. c3 Bb6 11. h3 Nh5 12. axb5 axb5 13. Re1 Nf4 14. Nf1 Qf6 15. Be3 Ne7 16. N1h2 c5 17. Ng4 Qg6 18. Nh4 Qg5 19. Nf3 Qg6 {½-½ (19) Adams,M (2660)-Shirov,A (2690) Madrid 1996}) 10... Ng4 11. Re2 Kh8 12. axb5 axb5 13. h3 f5 14. exf5 Nxf2 15. Rxf2 d5 16. Nf1 Bxf2+ 17. Kxf2 Bxf5 18. Kg1 Qd6 19. Be3 Rbe8 20. Bf2 Qd7 21. Bg3 Bg6 22. Ne3 Bh5 23. Bxd5 Nd4 24. Kh2 Nf5 25. Nxf5 Qxd5 26. Ne3 Qe6 27. Ng4 Bxg4 28. hxg4 Qh6+ 29. Kg1 Qe3+ 30. Bf2 Qf4 31. Bc5 Rf7 32. Qd2 e4 33. dxe4 h6 34. Qxf4 Rxf4 35. e5 Rxg4 36. b4 Rc4 37. Re1 Rxc2 38. e6 Kg8 39. Nd4 Rxc5 40. bxc5 b4 41. Nb5 Rc8 42. e7 Kf7 43. Nxc7 b3 44. e8=Q+ Rxe8 45. Nxe8 1-0

[Event "EYCC 2017"]
[Site "Mamaia"]
[Date "2017.09.14"]
[Round "9"]
[White "Livaic, Leon"]
[Black "Deac, Bogdan-Daniel"]
[Result "1/2-1/2"]
[WhiteElo "2461"]
[BlackElo "2559"]
[Annotator "TA"]
[PlyCount "35"]
[EventDate "2017.??.??"]
[EventType "swiss"]
[EventCountry "ROU"]
[SourceTitle "playchess.com"]
[Source "ChessBase"]
[SourceQuality "1"]

{[%evp 18,35,6,6,19,0,41,14,11,0,34,0,11,0,28,0,8,0,22,0]} 1. d4 e6 2. c4 Nf6 3. Nf3 d5 4. Nc3 dxc4 5. e4 Bb4 6. Bxc4 {D24: Queen's Gambit Accepted: 3 Nf3 Nf6 4 Nc3} Nxe4 7. O-O Nxc3 8. bxc3 Be7 9. Ne5 Nc6 10. Qg4 {LiveBook: 6 Games} O-O 11. Re1 Bf6 12. Ba3 {[%mdl 1024] Strongly threatening Nxc6. White has compensation.} Be7 $146 ({Predecessor:} 12... Ne7 13. Rad1 Kh8 {0-1 (52) Karjakin,S (2783)-Meier,G (2630) chess.com INT 2017}) 13. Bc1 Bf6 14. Ba3 {aiming for Nxc6.} Be7 15. Bc1 Bf6 16. Ba3 {Threatens to win with Nxc6.} Be7 {[#] And now ...Nxe5 would win.} 17. Bc1 Bf6 18. Ba3 {Precision: White = 11%, Black = 87%.} 1/2-1/2

[Event "EYCC 2017"]
[Site "Mamaia"]
[Date "2017.09.14"]
[Round "9"]
[White "Fakhrutdinov, Timur"]
[Black "Beliotis, Georgios"]
[Result "1-0"]
[WhiteElo "2441"]
[BlackElo "2157"]
[Annotator "TA"]
[PlyCount "119"]
[EventDate "2017.??.??"]
[EventType "swiss"]
[EventCountry "ROU"]
[SourceTitle "playchess.com"]
[Source "ChessBase"]
[SourceQuality "1"]

{[%evp 21,119,0,0,0,0,0,0,0,0,0,0,6,0,-27,59,-165,71,87,71,50,136,41,91,0,0,0,0,0,0,0,96,-5,0,-274,-283,-268,0,0,33,23,24,0,0,12,6,0,0,0,0,-14,-10,-33,0,0,36,0,0,0,21,-7,3,0,57,20,68,-29,116,0,12,4,126,120,127,125,113,115,130,119,128,89,85,106,125,130,129,132,183,195,356,335,352,333,809,441,29983,29984,29993,29993,29993,29994]} 1. e4 c5 2. Nf3 g6 3. d4 cxd4 4. Qxd4 Nf6 5. e5 Nc6 6. Qa4 Nd5 7. Qe4 Nb6 {B27: Sicilian: 2 Nf3, unusual Black 2nd moves} 8. Nc3 Bg7 9. Bf4 d5 10. exd6 Bf5 11. Qe3 (11. Qe2 O-O 12. O-O-O exd6 13. Rxd6 Qc8 14. Qb5 Re8 15. h4 {½-½ (30) Saric,I (2666)-Hou,Y (2673) Wijk aan Zee 2015}) 11... O-O {LiveBook: 11 Games} 12. O-O-O exd6 13. Rxd6 Qc8 $1 {Strongly threatening ...Nb4.} 14. Bh6 $1 {[%cal Rh6g7]} Re8 15. Qd2 Bh8 $146 16. Bb5 a6 17. Be2 Be6 (17... Qc7 $11 18. Bf4 Bxc3 19. bxc3 Qe7) 18. Ne4 $2 (18. a3 $1 $14 {stays ahead.}) 18... Qc7 $2 (18... Bxa2 $19 19. Be3 Rxe4 20. Bxb6 Ra4) 19. Bf4 $1 $16 {Threatens to win with Rxe6!} Qe7 20. Re1 $1 Nc8 (20... Bxa2 $14 21. Bd3 Be6) 21. Rd3 (21. Rxe6 $1 $16 fxe6 22. Bc4) 21... Nb4 22. Rd4 ({Better is} 22. Ra3 $1 $16) 22... Nc6 $1 $11 {[%cal Rc6d4]} 23. Bg5 Qf8 24. Ra4 Nb6 25. Ra3 Bc4 (25... Bf5 $11 {remains equal.} 26. Nd6 Rad8) 26. Bd3 (26. Bh6 $1 $16 {[%cal Rh6f8]} Qe7 27. Re3) 26... Re6 27. Be3 $2 {[%mdl 8192]} (27. Bh6 $11 Qe7 28. Kb1) 27... Bxd3 $1 $19 28. cxd3 {[#]} Nd5 $2 (28... Rxe4 $1 $19 {[%mdl 512]} 29. Bxb6 (29. dxe4 Nc4) 29... Rb4) 29. Kb1 $11 Nxe3 30. fxe3 (30. Qxe3 f5 $17) 30... Rd8 {aiming for ...Rxe4!} 31. Nf2 Ne5 $1 {[%cal Re5c4]} 32. Nxe5 Bxe5 33. g3 Qe7 34. Rb3 {[%cal Ba3b3,Bb3b4,Bb4f4][%mdl 32]} Bd4 {[%cal Rd4e3]} 35. Nd1 (35. Ne4 $5 {[%cal Re3d4]} Bb6 36. Qc1 $11) 35... b5 36. Rb4 Bc5 {[%mdl 1024] Black has compensation.} 37. Rf4 Qd6 (37... Bd6 $5 {[%cal Rd6f4]}) 38. Nf2 Rde8 39. Nd1 $1 Qe7 40. Rf3 Bd4 41. g4 Qa7 (41... b4 $11) 42. h4 Qe7 43. Qf2 (43. g5 $14) 43... a5 (43... Rc6 $11 {keeps the balance.} 44. Qd2 Rec8) 44. h5 (44. Rf1 $16 Bxe3 45. Nxe3 (45. Rxe3 Rxe3 46. Nxe3 Qxe3 $16) 45... Rxe3 46. Rxe3 Qxe3 47. Qxf7+ Kh8 48. Qf6+ Kg8 49. Qf7+ Kh8 50. Qd5 (50. Qf6+ Kg8 $16)) 44... Bg7 (44... Rc8 $5 {[%cal Re6c6]}) 45. Rf1 {[%cal Rf3f7]} Rf8 (45... Qd7 $1 $11) 46. e4 $16 Qd7 47. Nc3 $1 $36 {[%mdl 2048] Black is under strong pressure.} Bxc3 48. bxc3 {[%cal Bb2c3,Bc3c4][%mdl 32]} Rc6 49. hxg6 Rxg6 50. Kb2 b4 {[#]} 51. c4 $1 a4 52. Qc5 a3+ 53. Kb3 Ra8 {[#]} (53... h6 $16 54. R1f2 (54. Qxb4 Qd4 $11) 54... Rg7) 54. Kc2 $1 $18 ({Avoid the trap} 54. Qxb4 $2 Qd4 $19) (54. Kxb4 $2 Qb7+ 55. Qb5 Rb6 $19) 54... b3+ $2 (54... Rd8 55. Qxb4 Rxg4) 55. axb3 ({Weaker is} 55. Kxb3 Qb7+ 56. Kc2 Qb2+ 57. Kd1 Rd8 $14) 55... a2 56. Kb2 Qxg4 $2 (56... Qb7 57. Qd5 Qxd5 58. exd5 (58. cxd5 h5 $18) 58... h5) 57. Ka1 Raa6 (57... Qg5 $18 58. Qxg5 Rxg5) 58. Rxf7 {[%csl Gf1,Gf7][%cal Rc5f8] White mates.} Rad6 59. Rf8+ Kg7 60. Qe5+ {Precision: White = 43%, Black = 33%.} 1-0

[Event "EYCC 2017"]
[Site "Mamaia"]
[Date "2017.09.14"]
[Round "9"]
[White "Plenca, Jadranko"]
[Black "Martirosyan, Haik M"]
[Result "1-0"]
[WhiteElo "2440"]
[BlackElo "2570"]
[Annotator "TA"]
[PlyCount "141"]
[EventDate "2017.??.??"]
[EventType "swiss"]
[EventCountry "ROU"]
[SourceTitle "playchess.com"]
[Source "ChessBase"]
[SourceQuality "1"]

{[%evp 16,141,57,39,57,53,60,49,58,56,50,45,56,58,62,66,80,77,67,50,69,82,58,10,104,51,52,53,57,42,57,41,52,0,0,-37,-39,-22,-37,-40,-22,-40,0,-31,0,-18,0,0,0,-7,0,-24,0,0,2,0,32,0,0,0,0,0,133,93,98,41,423,406,464,459,452,441,426,410,1295,1312,1035,472,446,439,1580,1556,1820,1958,1597,1511,1343,1158,1572,1674,29990,6336,12842,845,741,578,472,435,421,394,627,616,750,827,2538,1877,1160,1102,2140,2015,1513,1260,2277,883,12839,12839,12839,1956,2029,2412,12845,12845,12845,12846,12846,12847,12847,12847]} 1. e4 d6 2. d4 Nf6 3. Nc3 e5 4. Nf3 Nbd7 5. Bc4 Be7 6. a4 O-O 7. O-O a6 {C41: Philidor Defence} (7... a5 8. Re1 c6 9. Ba2 Re8 10. h3 Bf8 11. Be3 h6 12. Nh4 exd4 13. Bxd4 Nc5 14. Bxc5 dxc5 15. e5 Qxd1 16. Raxd1 Nh5 17. Ng6 Be6 18. Nxf8 Kxf8 19. Bxe6 Rxe6 {1-0 (38) Vachier Lagrave,M (2783)-Ivanchuk,V (2757) Leuven 2017}) 8. a5 c6 9. Re1 {LiveBook: 5 Games} Qc7 {White is slightly better.} 10. h3 exd4 $146 ({Predecessor:} 10... Re8 11. d5 b5 12. axb6 Nxb6 13. Bb3 cxd5 14. exd5 Bb7 15. Qd3 {1-0 (34) Kroeze,F (2422)-Issing,P (2273) Germany 2011}) 11. Nxd4 Ne5 12. Bf1 Re8 13. f4 Ng6 14. Be3 Bf8 15. Qf3 c5 16. Nb3 Bd7 17. Bf2 (17. g4 $5 {[%cal Rg4g5]}) 17... Bc6 18. g4 h6 19. Nd2 Rad8 (19... d5 $1 $11) 20. Nd5 ({Better is} 20. Bc4 $16) 20... Nxd5 $14 21. exd5 Bb5 22. c4 Bd7 23. Ne4 f5 24. Ng3 (24. gxf5 $1 $14 Bxf5 25. Ng3) 24... Nh4 $36 {[%mdl 2048] Black is pushing.} 25. Qd1 Rxe1 26. Bxe1 Re8 27. Ra3 Qd8 28. Be2 g6 29. Bc3 Qe7 30. Qd2 Qf7 31. Ra1 Bg7 32. Bxg7 Qxg7 33. Re1 Kf8 34. Kf2 Qf6 35. Rb1 Re7 36. b4 {Strongly threatening bxc5.} (36. Qc3 $5 {[%cal Rc3f6]} Qxc3 37. bxc3 $14) 36... cxb4 37. Rxb4 fxg4 38. hxg4 {[#]} Bc8 {[#]} (38... h5 $1 $11 {[%mdl 512] remains equal.} 39. g5 (39. gxh5 Nf5) 39... Qa1) 39. c5 $1 $16 {[%cal Rc5d6][%mdl 512]} dxc5 40. Ne4 (40. Re4 $16) 40... Qa1 $2 {[%mdl 8192]} (40... Nf3 $1 $14 41. Kxf3 Qh4) 41. d6 $18 Rf7 42. Nxc5 Qh1 {...Qg2+ is the strong threat.} 43. Qd4 {[%cal Rd4h8]} Qh2+ 44. Ke1 {[%cal Rd4h8,Bf2e1,Be1d1,Bd1c2][%mdl 32]} Ng2+ (44... Kg8 $142 45. d7 Bxd7) 45. Kd1 {[%cal Rd4h8]} Kg8 46. d7 (46. Bc4 $142 Qxf4 47. Qxf4 Nxf4 48. Bxf7+ Kxf7 49. Rxf4+ Ke8 50. Re4+ Kf8 51. d7 Bxd7 52. Nxd7+ Kf7 53. Nc5) 46... Bxd7 47. Nxd7 {And now Bc4 would win.} Qh1+ (47... Qxf4 $142 48. Qxf4 Rxf4) 48. Kc2 Qe1 49. Nf6+ Kg7 50. Nd5+ Kh7 51. Qe4 Qh1 52. Kb2 Qh2 53. f5 (53. Qe8 $142 Kg7 {[#]} 54. f5 $1 {[%mdl 512]} b5 55. axb6 Qd6 56. b7 Qxb4+ 57. Nxb4 Rxb7 58. Qxg6+ Kf8 59. Qxh6+ Ke8 60. Qh8+ Kf7 61. Bc4+ Ke7 62. Qg7+ Kd6 63. Qxb7) 53... Nh4 54. fxg6+ (54. Qe6 $142 Rc7 55. Ne7 Qxe2+ 56. Qxe2 h5 57. gxh5 Kh6 58. Rxh4 Rc5 59. Ng8+ Kg7 60. f6+ Kh8 61. hxg6+ Rh5 62. Rxh5+ Kxg8 63. Qe8#) 54... Nxg6 55. Rb6 Qe5+ 56. Qxe5 Nxe5 57. Kc3 Nc6 {[#]} (57... Kg7 $142 58. Ne3 Rc7+ 59. Kb3 Kf8) 58. Bxa6 $1 {White is clearly winning.} Nxa5 (58... bxa6 59. Rxc6) 59. Bd3+ Kg7 60. Rg6+ Kf8 61. Rxh6 Nc6 62. g5 {[%cal Bg4g5,Bg5g6,Bg6g7][%mdl 32]} Ne5 63. Be4 Rf1 64. g6 {Threatening mate with Rh8+.} Rg1 65. Rh8+ Kg7 66. Rh7+ Kf8 67. Nf4 Rg4 {[#]} 68. g7+ $1 Kg8 (68... Rxg7 69. Ne6+) 69. Nh5 Nd7 70. Rh8+ Kf7 71. Bd5+ {Precision: White = 63%, Black = 28%.} 1-0

[Event "EYCC 2017"]
[Site "Mamaia"]
[Date "2017.09.14"]
[Round "9"]
[White "Sargsyan, Shant"]
[Black "Erenberg, Ariel"]
[Result "0-1"]
[WhiteElo "2436"]
[BlackElo "2386"]
[Annotator "TA"]
[PlyCount "132"]
[EventDate "2017.??.??"]
[EventType "swiss"]
[EventCountry "ROU"]
[SourceTitle "playchess.com"]
[Source "ChessBase"]
[SourceQuality "1"]

{[%evp 14,132,51,23,26,25,25,19,49,49,49,50,44,54,52,43,58,28,56,37,43,50,45,37,76,41,47,51,33,57,70,82,71,81,89,43,67,0,0,0,0,0,110,69,182,0,0,0,85,82,150,0,0,0,0,0,0,0,0,0,0,0,0,0,0,-239,-227,-372,229,0,0,0,0,-74,-79,-227,-91,-87,0,0,0,-90,-82,-95,-58,-166,-145,-259,-194,-711,-693,-680,-612,-2103,-2103,-29966,-29965,-29970,-29971,-29970,-29971,-29971,-29971,-29970,-29969,-29970,-29965,-29970,-29973,-29972,-29973,-29972,-29969,-29976,-29976,-29972,-29975,-29978,-29980,-29978,-29981]} 1. d4 d5 2. c4 dxc4 3. Nf3 Nf6 4. e3 Bg4 5. Bxc4 e6 6. Qb3 Bxf3 7. gxf3 b6 {D25: Queen's Gambit Accepted: 4 e3: sidelines and 4...Bg4} (7... c5 8. Nc3 Qd7 9. dxc5 Bxc5 10. Qb5 Be7 11. Qxd7+ Nbxd7 12. Bd2 Rc8 13. Be2 Ne5 14. O-O-O O-O 15. Kb1 {½-½ (58) Wang,Y (2699)-Andreikin,D (2712) Dortmund 2017}) 8. Nc3 {LiveBook: 4 Games} Be7 9. f4 $146 ({Find the theoretical novelty and annotate with similar games:} 9. e4 Qxd4 10. Be3 Qe5 11. O-O-O O-O 12. f4 Qh5 13. e5 Ng4 14. Ne4 Nc6 15. Be2 {0-1 (23) Callet,E (2215)-Velten,P (2153) Nimes 2009}) 9... O-O {White has an edge.} 10. Bf1 Nd5 11. Bg2 {[%cal Rc3d5]} c6 12. e4 Nxc3 13. bxc3 Nd7 14. e5 Qc7 15. c4 Rab8 16. a4 c5 17. Qa3 f6 18. O-O {Qh3 is the strong threat.} Rbe8 19. d5 (19. Bh3 $5 {[%cal Rh3e6]}) 19... fxe5 20. dxe6 Nf6 21. f5 e4 22. Qg3 Bd6 23. Qh4 Be5 24. Ra3 Rd8 25. Rh3 (25. Be3 $1 $14) 25... Rd4 $1 $11 26. Bg5 h6 27. Be3 Rxc4 (27... Rfd8 $1 $11) 28. Kh1 $1 $16 {And now Bxh6! would win.} Nh7 (28... Rc3 $1 $14) 29. e7 $2 (29. Rg1 $18 Bf6 30. Qg4) 29... Re8 $1 $11 {[%cal Re8e7]} 30. Bxe4 {Hoping for Bd5+.} Qd6 (30... Qd7 $11 31. Bxh6 Bf6) 31. Bxh6 $1 $16 Rxe7 (31... Rxe4 $142 32. Qxe4 gxh6) 32. Bf4 (32. Be3 $16 Nf6 33. Rg1 Nxe4 34. Qh8+ Kf7 35. Qh5+ Kf8 36. Qh8+ Kf7 37. Qh5+ Kf8 38. Qh8+ Kf7) 32... Nf6 $1 $11 33. Rg1 {Intending Qh8+ and mate.} Nxe4 34. Qh7+ Kf8 35. Qh8+ Kf7 36. Qh5+ Kg8 (36... Kf8 $5 {[%cal Re4f2]} 37. Qh8+ Kf7 38. Qh5+ g6 39. Rxg6 Qd1+ $1 {[%mdl 512]} 40. Qxd1 Nxf2+ 41. Kg2 Nxd1 42. Bxe5 Rc2+ 43. Kg3 Rxe5 44. Rh7+ Kf8 45. Rh8+ Kf7 46. Rh7+ Kf8 47. Rh8+ Kf7 48. Rh7+ $11) 37. Qh8+ Kf7 38. Qh5+ g6 (38... Kg8 $5 {[%cal Re4f2]} 39. Qh8+ Kf7 $15) 39. fxg6+ $2 (39. Rxg6 $11 Qd1+ 40. Qxd1 Nxf2+ 41. Kg2 Nxd1 42. Bxe5 Rxe5 43. Rh7+ Kf8 44. Rh8+ Ke7 45. Rh7+ Kd8 46. Rxa7) 39... Kg8 $19 40. Be3 (40. Bxe5 $142 Qxe5 41. Qh7+ Rxh7 42. gxh7+ Kf7 43. h8=Q Nxf2+ 44. Kg2 Rg4+ 45. Kf1 (45. Kxf2 $2 Rf4+ 46. Rf3 Rxf3+ 47. Kxf3 Qxh8 $19) 45... Rxg1+ 46. Kxg1 Nxh3+ 47. Qxh3) 40... Qf6 $4 {[%mdl 8192]} (40... Rc3 $1 $19 41. g7 Nxf2+ $1 {[%mdl 512]} 42. Bxf2 Qc6+ 43. Rg2 Rxg7 44. Qh7+ Kf8 45. Qf5+ Kg8 46. Qh7+ Kf8 47. Qf5+ Kg8 48. Qh7+) 41. g7 $2 ({White has to play} 41. f3 $1 $18 Qe6 42. g7 (42. fxe4 Bf6 $16) 42... Nf2+ 43. Bxf2 Rxg7 44. Qh8+ Kf7 45. Rh7) 41... Nxf2+ $11 42. Bxf2 {Threatening mate with Qh8+.} Qc6+ 43. Rg2 (43. Rf3 $11 Bxg7 44. Rg2) 43... Rxg7 $17 {[%csl Gg7][%cal Rc6g2]} (43... Rc1+ 44. Bg1) 44. Qh7+ (44. Qh8+ $17 {was called for.} Kf7 45. Qh5+ Ke6 46. Rf3 Rxg2 47. Qf5+ Kd6 48. Qf8+ Kd5 49. Qf7+ Qe6 50. Qb7+ Kd6 51. Qb8+ Kd7 52. Qb7+ Bc7 53. Kxg2) 44... Kf7 (44... Kf8 $19 {[%csl Gg7][%cal Rc6g2] and Black stays clearly on top.} 45. Qf5+ Bf6) 45. Qh5+ Kg8 {[%csl Gg7][%cal Rc6g2]} 46. Qh8+ Kf7 {[%csl Gg7][%cal Rc6g2]} 47. Qh5+ Ke6 {[%csl Gg7][%cal Rc6g2]} 48. Rf3 Rf4 $40 {[%mdl 128] White needs to defend precisely.} 49. Qh6+ {[#]} (49. Qh3+ $1 $15 Ke7 50. Qh5 $1 {[%mdl 512]} Rxf3 51. Qxe5+ Kd8 52. Qb8+ (52. Bh4+ $2 Kc8 $19) 52... Kd7 53. Qxa7+ Kc8 54. Qxg7 Rxf2 55. Qg4+ Kb7 56. Kg1) 49... Rf6 $1 $19 {[%cal Rf6h6]} 50. Qh3+ (50. Qxg7 $17 Qxf3 51. Qxa7 Bxh2 52. Qxb6+ Bd6 53. Qb1) 50... Kf7 {[%cal Be6f7,Bf7g8,Bg8g7][%mdl 32]} 51. Qh5+ $2 (51. Rxg7+ Kxg7 52. Qg4+ Kf7 53. Kg2) 51... Kg8 $1 52. Rxg7+ Kxg7 53. Qg5+ Kf7 54. Qh5+ Ke6 {Black mates.} 55. Kg2 Qxf3+ 56. Qxf3 Rxf3 57. Kxf3 Bxh2 {[%mdl 4096] Endgame KB-KB} 58. Ke4 Kd6 59. Be3 Kc6 60. Bf2 a6 {[%cal Ba7a6,Ba6b5,Bb5b4][%mdl 32]} 61. Be3 Bd6 62. Bf2 Bf8 63. Bg1 Bg7 64. Bf2 b5 65. axb5+ axb5 66. Be1 b4 {Precision: White = 45%, Black = 48%.} 0-1